[Event "Vrnjacka Banja"]
[Site "Vrnjacka Banja"]
[Date "1991.??.??"]
[Round "14"]
[White "Topalov, Veselin"]
[Black "Davies, Nigel Rodney"]
[Result "1-0"]
[WhiteElo "2455"]
[BlackElo "2500"]
[Annotator "Schussler,H"]
[PlyCount "49"]
[EventDate "1991.04.??"]
[EventType "tourn"]
[EventRounds "15"]
[EventCountry "YUG"]
[EventCategory "9"]
[SourceTitle "CBM 023"]
[Source "ChessBase"]
[SourceDate "1991.08.01"]
[SourceVersion "1"]
[SourceVersionDate "1991.08.01"]
[SourceQuality "1"]

1. d4 Nf6 2. Nf3 c5 3. d5 g6 4. Nc3 Bg7 5. e4 O-O 6. Be2 b5 $6 7. e5 $1 $16 Ng4
8. Bf4 b4 9. Ne4 d6 10. exd6 exd6 11. O-O Nf6 12. Nfd2 Nxd5 13. Bxd6 Re8 14.
Nc4 Nb6 15. Nxc5 Nc6 16. Bf3 Nd4 17. Nxb6 axb6 18. Bxa8 bxc5 19. Bxc5 Ne2+ 20.
Kh1 Qa5 21. Bc6 Re6 22. Bd5 Re8 23. Re1 Ba6 24. Bxf7+ Kxf7 25. Qd7+ 1-0

[Event "Dortmund-B"]
[Site "Dortmund"]
[Date "1991.??.??"]
[Round "2"]
[White "Espig, Lutz"]
[Black "Vokac, Marek"]
[Result "1-0"]
[WhiteElo "2440"]
[BlackElo "2455"]
[Annotator "Schussler,H"]
[PlyCount "63"]
[EventDate "1991.03.23"]
[EventType "tourn"]
[EventRounds "9"]
[EventCountry "GER"]
[EventCategory "10"]
[SourceTitle "CBM 023"]
[Source "ChessBase"]
[SourceDate "1991.08.01"]
[SourceVersion "1"]
[SourceVersionDate "1991.08.01"]
[SourceQuality "1"]

1. Nf3 g6 2. e4 Bg7 3. d4 c5 4. d5 d6 5. Be2 Nf6 6. Nc3 O-O 7. O-O e6 8. Nd2
exd5 9. exd5 b6 10. a4 Na6 11. Nc4 Nb4 12. Bf4 Bf5 13. Ne3 $1 (13. Rc1 Ne4 $5 {
13. - Ne8} 14. Nxe4 Bxe4 15. Nxd6 Nxd5 {15. - Bxd5 16.c3 + -} 16. Bg3 Nf6 $10)
13... Re8 14. Nxf5 gxf5 15. Bg5 a6 16. Qd2 $16 Nbxd5 $2 17. Nxd5 Ne4 18. Bxd8
Nxd2 19. Be7 Nxf1 20. Kxf1 Ra7 21. Bf6 $18 Rb8 $6 22. Ne7+ Kf8 23. Nc6 Bxf6 24.
Nxb8 Rb7 25. Nxa6 Bxb2 26. Rb1 Bc3 27. Rb3 Ba5 28. Rd3 Ke7 29. Bf3 Ra7 30. Nb8
Ke6 31. Bd5+ Kf6 32. Nc6 1-0

[Event "Keres Memorial"]
[Site "Tallinn/Parnu"]
[Date "1998.06.20"]
[Round "2"]
[White "Short, Nigel D"]
[Black "Adianto, Utut"]
[Result "1/2-1/2"]
[WhiteElo "2660"]
[BlackElo "2615"]
[Annotator "Short,N"]
[PlyCount "128"]
[EventDate "1998.06.19"]
[EventType "tourn"]
[EventRounds "9"]
[EventCountry "EST"]
[EventCategory "15"]
[SourceTitle "CBM 066"]
[Source "ChessBase"]
[SourceDate "1998.09.30"]
[SourceVersion "1"]
[SourceVersionDate "1998.09.30"]
[SourceQuality "1"]

1. e4 g6 {A small surprise. Utut avoids his beloved Caro-Kann .} 2. d4 Bg7 3.
Nc3 c5 4. d5 {One of several good options. 4.Nf3 was well worth a thought
against a player without much experience in the Dragon. Furthermore I had
examined the dangerous line 4.dxc5 in some detail with Miss Antoaneta
Stefanova some months earlier. However, such sharp variations did not suit my
mood for the day.} d6 5. Nf3 Bg4 6. Be2 Bxf3 {Not giving the horse a chance to
escape, although it is not exactly clear whether White is intending to move
the knight just yet.} 7. Bxf3 Nf6 8. O-O O-O 9. Re1 Nfd7 10. Be2 Na6 11. a4 Nc7
(11... Nb4 12. Nb1 $1 {was the intention.}) 12. Be3 a6 13. Qd2 Rb8 14. a5 Re8
15. Ra2 (15. f3 $5) 15... b5 16. axb6 Rxb6 17. Nd1 Qc8 18. c3 Nf6 19. f3 e6 20.
dxe6 Nxe6 $6 (20... Qxe6 21. b4 Nd7 {was not so clear. Now White obtains a
hefty plus.}) 21. Nf2 Rd8 22. Bc4 Nc7 23. Rd1 Rb8 24. Bg5 Ne6 25. Bxa6 Qc7 26.
Bc4 Nxg5 27. Qxg5 {White has a winning position.} h6 28. Qd2 Qe7 29. Ra6 Bf8
30. Rda1 Rd7 31. Nd3 Rdb7 32. Qe1 Kg7 33. e5 $1 dxe5 34. Nxe5 $2 (34. Qxe5 Qxe5
35. Nxe5 Rxb2 36. Nxf7 {was very strong. The text is just a blunder.}) 34...
Re8 35. f4 Rxb2 36. Qg3 (36. Bxf7 Qxf7 {was my elementary oversight in
time-trouble.}) 36... Reb8 37. h3 Rb1+ 38. Rxb1 Rxb1+ 39. Kh2 Ne4 40. Qe3 {
Move 40. However} (40. Rxg6+ Kh7 41. Qe3 fxg6 42. Qxe4 Rb6 43. Bf7 {was
promising.}) 40... Nd6 41. Bxf7 {Initiating a long forcing line which should
lead to a win. There were other moves to consider. Firstly} (41. Qd3 Qh4 $1 {
was no good but}) (41. Qxc5 Nxc4 42. Qxc4 {was a serious option.}) 41... Nxf7
42. Rxg6+ (42. Qd3 Nxe5 43. Qxb1 Nf3+ $1 44. gxf3 $140 $2 Qe2+ 45. Kg3 Qxa6)
42... Kh8 43. Rxh6+ Kg8 44. Rg6+ Kh8 45. Qf3 Nxe5 46. Qh5+ Qh7 47. Qxe5+ Bg7
48. Qg5 {Black is bound hand and foot. He now finds the ony practical chance.}
Rb8 49. h4 Rg8 50. c4 Bd4 51. Rxg8+ Qxg8 52. Qxg8+ Kxg8 53. g4 {I believe that
this is a winning endgame. However it did not take me long to screw it up
altogether.} Kg7 54. Kg3 {Threatening 55.g5 and 56.Kg4} Kg6 (54... Kh6 {
was also possible though it should not alter the final result.}) 55. Kf3 (55.
f5+ $1 Kh6 56. g5+ $1 Kh5 57. f6 {was correct after which I cannot see a
defence eg.} Be5+ 58. Kf3 Kxh4 59. Ke4 Bc3 60. Kf5 Kh5 61. g6 Kh6 62. g7 Kh7
63. Ke6 Kg8 64. f7+ Kxg7 65. Ke7) 55... Bc3 56. Ke4 $2 Be1 57. h5+ $2 {After
this it is dead drawn. A better practical chance was} (57. Kd5 Bf2 $8) (57. f5+
Kf7 {but it all looks drawn.}) 57... Kh6 58. Kd5 Bf2 59. Ke6 Bd4 60. Ke7 Bg7
61. Ke6 Bd4 62. Ke7 Bg7 {Nice, but by no means forced e.g.} (62... Bc3 63. f5
Kg5 64. h6 Bd4 65. h7 Bc3 {and White can undertake nothing.}) 63. Kd6 Bd4 64.
Ke6 Bc3 1/2-1/2

[Event "RUS-Cup01 Chigorin Memorial"]
[Site "St Petersburg"]
[Date "1997.11.09"]
[Round "9"]
[White "Solozhenkin, Evgeniy"]
[Black "Batsanin, Dmitry"]
[Result "1-0"]
[WhiteElo "2485"]
[BlackElo "2360"]
[Annotator "Solozhenkin,E"]
[PlyCount "39"]
[EventDate "1997.11.01"]
[EventType "swiss"]
[EventRounds "9"]
[EventCountry "RUS"]
[SourceTitle "CBM 062"]
[Source "ChessBase"]
[SourceDate "1998.01.31"]
[SourceVersion "1"]
[SourceVersionDate "1998.01.31"]
[SourceQuality "1"]

1. e4 c5 2. Nf3 g6 3. d4 Bg7 4. d5 Nf6 5. Nc3 O-O 6. Be2 d6 7. O-O e6 8. dxe6
Bxe6 9. Ng5 Nc6 10. Be3 Qe7 (10... Bc8 $5 11. h3 (11. Qd2 $5) 11... h6 12. Nf3
Re8 13. Nd2 Nd4 {Fominikh-Gschnitzer, Budapest, 1990}) 11. Re1 Ne5 $146 (11...
Rad8 12. Nd5 $14 {Biagi-Malbran, Acasusso FEMEDA Sup,1991}) 12. Qd2 Rad8 13.
Bf4 $1 $16 Nc4 14. Bxc4 Bxc4 15. Rad1 Nh5 16. Be3 h6 17. Nf3 Kh7 18. h3 Rd7 $2
(18... Rfe8 $142) (18... b5 $142) 19. Bxc5 $18 Qd8 20. e5 1-0

[Event "New York PCA-qual"]
[Site "New York"]
[Date "1995.??.??"]
[Round "6"]
[White "Speelman, Jonathan S"]
[Black "Alburt, Lev O"]
[Result "1-0"]
[WhiteElo "2610"]
[BlackElo "2560"]
[Annotator "Speelman,J"]
[PlyCount "47"]
[EventDate "1995.??.??"]
[EventType "swiss"]
[EventRounds "11"]
[EventCountry "USA"]
[SourceTitle "CBM 047 Extra"]
[Source "ChessBase"]
[SourceDate "1995.09.01"]
[SourceVersion "1"]
[SourceVersionDate "1995.09.01"]
[SourceQuality "1"]

1. Nf3 Nf6 2. d4 c5 3. d5 e6 4. Nc3 b5 $5 5. dxe6 fxe6 6. Nxb5 Qa5+ 7. Nc3 d5
8. e3 Be7 9. Be2 O-O 10. O-O Nc6 11. Bd2 Qd8 12. b3 Kh8 13. Bd3 Bb7 14. e4 Nd4
15. exd5 Nxf3+ 16. Qxf3 exd5 17. Rae1 Ne4 $2 18. Qh3 Bc8 19. Qh5 g6 $2 (19...
Nf6 $8) 20. Qh6 $1 $18 (20. Qxd5 Qxd5 21. Nxd5 Nxd2 22. Rxe7 Nxf1 23. Kxf1)
20... Rf5 (20... Nxd2 21. Bxg6 Rf7 22. Bxf7 $18) (20... Nf6 21. Nxd5 $1 Nxd5
22. Bxg6 Nf6 23. Bc3 Kg8 24. Bxf6 (24. Bxh7+)) 21. Nxe4 dxe4 22. Rxe4 Bf6 (
22... Bb7 23. Rxe7 Qxe7 24. Bc3+ Kg8 25. Re1 $18) 23. Ba5 $1 Qd7 (23... Qg8 24.
Bc4 Bg7 25. Bc3 Qf8 26. Qxg7+ Qxg7 27. Re8+) 24. Qf8# 1-0

[Event "Politiken Cup 18th"]
[Site "Copenhagen"]
[Date "1996.??.??"]
[Round "11"]
[White "Speelman, Jonathan S"]
[Black "Djurhuus, Rune"]
[Result "1-0"]
[WhiteElo "2625"]
[BlackElo "2505"]
[Annotator "Speelman,J"]
[PlyCount "79"]
[EventDate "1996.06.??"]
[EventType "swiss"]
[EventRounds "11"]
[EventCountry "DEN"]
[SourceTitle "CBM 054"]
[Source "ChessBase"]
[SourceDate "1996.10.01"]
[SourceVersion "1"]
[SourceVersionDate "1996.10.01"]
[SourceQuality "1"]

1. d4 {Chekhov King} Nf6 2. Nf3 c5 3. d5 g6 4. Nc3 Bg7 5. e4 d6 (5... O-O $5)
6. Bb5+ $5 Bd7 7. a4 O-O (7... Bxb5 {Chekhov} 8. axb5 O-O 9. O-O Nbd7 10. h3
Ne8 11. Bg5 Nc7 12. Qe2 Nb6 13. Ra5 Qd7 14. Rfa1 a6 15. bxa6 bxa6 $132 {
Browne,W-Alburt,L/New York/1984/0,5/16/}) (7... Na6 {Chekhov} 8. O-O Nc7 9. Bc4
O-O (9... Bg4 $5) 10. e5 dxe5 11. Nxe5 Bf5 12. Re1 $14 {Kavalek,L-Maus,S/GER/
1988/1|0/36/}) 8. O-O Na6 (8... Bg4) (8... Bg4 $5 {Chekhov} 9. Re1 Nbd7 10. h3
Bxf3 11. Qxf3 Ne8 12. Bf1 e5 13. dxe6 fxe6 14. Qe2 Qe7 15. Be3 a6 $14 {
Gurevich,D-Mortazavi,A/London/1994/1|0/37/}) 9. Re1 Nc7 (9... Bxb5 $5 {Chekhov}
10. axb5 Nc7 11. Qd3 a6 12. b6 Nb5 13. Nxb5 axb5 14. Rxa8 Qxa8 15. Qxb5 Qa6 16.
Qxa6 bxa6 17. Bg5 Rb8 18. Nd2 Rxb6 19. Nc4 Rb4 20. b3 $14 {Piket,J-Ree,H/NED/
1993/0,5/28/}) (9... Bg4 $5 {Chekhov} 10. h3 Bxf3 11. Qxf3 Nd7 12. Qe2 Nc7 $132
{Mainka,R-Polgar,Z/Polanica Zdroj/1991/0,5/13/}) 10. Bf1 Bg4 $1 11. h3 Bxf3 12.
Qxf3 e6 $5 (12... Nd7 13. Nd1 $5 (13. Bg5 $5) (13. Nd1 {Chekhov} e6 14. dxe6
fxe6 15. Qg3 Nf6 $13 {Garcia Palermo,C-Franco,Z/ESP/1994/0|1/33/})) 13. Bg5 h6
14. Bh4 e5 $6 (14... exd5 15. exd5 g5 16. Bg3 Nfe8 $1 17. Qf5 (17. Bd3 $2 f5 $1
(17... Bxc3 $2 18. Qf5 $1) 18. Bxf5 $2 Bxc3 19. bxc3 Ng7 $19) 17... Qc8 18. Qd3
f5 19. f4 $13) 15. a5 Nce8 (15... a6) (15... a6 {Chekhov} 16. Reb1 $36) 16. a6
Rb8 {King: The thought of leaving the pawn at a6 was just too dire for Black
to contemplate, though the alternative isn't great either.} (16... b6 {Chekhov}
17. Bb5 (17. Nb5 {King} g5 18. Bg3 Nc7 {is similar.}) 17... Qe7 (17... Nc7 18.
Bc6 Rb8 19. Nb5 Nxb5 20. Bxb5 g5 21. Bg3 Qc8 {King: and Black grovels on.  
White has yet to break through.}) 18. Bc6 Rc8 19. Nb5 $16) 17. axb7 $6 (17. Nb5
Qb6 18. axb7 Rxb7 (18... a6 $5 19. Na3 Qxb2 20. Bxa6 (20. Nc4 Qxc2 21. Na5))
19. b3) 17... Rxb7 18. Nb5 Qb8 $1 19. c4 Nh7 (19... Nh5 20. Ra4 f5 21. exf5
Rxf5 22. Qa3 g5 23. Bg3 Nxg3 24. fxg3 $5 (24. Qxg3)) 20. Qa3 f5 21. exf5 gxf5
22. Nxa7 Ng5 $1 {To block the bishop's control of e7} (22... Rb3 23. Qa4 Rb4
24. Qd7 $5 (24. Qd1) 24... Rf7 $2 25. Qe6 Nf8 26. Nc6 Nxe6 27. dxe6 Qc7 28.
Nxb4 cxb4 29. exf7+) (22... e4 23. Nc6 Bxb2 $4 24. Qg3+ $1) (22... Rxb2 {
Chekhov} 23. Nc6 Qb7 24. Ne7+ Kf7 (24... Kh8 25. Ng6+ $18) 25. Nxf5 $18) 23.
Nc6 Qc7 24. Qg3 f4 (24... Bf6 $1 25. f4 exf4 26. Qxf4 Qg7 $1 $13) 25. Qd3 f3 $6
(25... e4 26. Rxe4 Nxe4 27. Qxe4 (27. Ne7+ $6 Qxe7 28. Bxe7 Rxe7 29. Re1 N8f6 (
29... Nxf2 $2 30. Kxf2 Bd4+ 31. Qxd4 Rxe1 32. Qd3) 30. f3 Rfe8 31. fxe4 Nxe4 {
looks very dangerous}) 27... Nf6 28. Qe6+ Kh8 (28... Qf7 29. Qxd6 Ne4 30. Ne7+
Kh8 31. Ng6+ Kg8 32. Ne7+ Kh8 33. Qe6 $1 $16) 29. Re1 (29. Bd3 $18 {Chekhov})
29... Qd7 30. Ne7) 26. Bxg5 hxg5 (26... fxg2 27. Ne7+ Kh8 28. Ng6+ Kg8 29. Nxf8
(29. Bxg2 hxg5 30. Nxf8)) 27. g3 $1 Nf6 $5 (27... Qd7 28. Ra8 $1 Rxb2 29. Qg6)
(27... Rxb2 {Chekhov} 28. Qg6 Nf6 29. Qxg5 $18) 28. Qxf3 Qd7 $1 29. Qe2 Qf5 30.
Bg2 g4 31. h4 Bh6 (31... Rbf7 32. Ra7 Nd7 33. Rf1) (31... e4 32. Qe3 Kh7 33.
Qg5 $1) 32. Ra7 $1 Rxa7 33. Nxa7 e4 34. Qc2 $1 (34. Nb5 $18) 34... Re8 (34...
Qh7 $1 {is the only chance} 35. Nb5 e3 $1 36. Qxh7+ Kxh7 37. f4 $1 (37. fxe3
Nh5 38. Nxd6 Nxg3) 37... gxf3 38. Bxf3 $18) 35. Nb5 $18 Qe5 36. Nc3 (36. Nc7
Re7 37. Ne6 {Djurhuus}) 36... Kg7 (36... e3 37. Qg6+ $1 $18 (37. Qg6+ Bg7 38.
Rxe3 $18)) 37. Nxe4 $18 Qd4 38. Re2 Nxe4 39. Rxe4 Rxe4 40. Qxe4 $5 {Here he
resigned. The ending is indeed quite lost. But he might have tried for a bit.}
(40. Bxe4 $18) (40. Qxe4 Qxe4 41. Bxe4 Kf6 $1 42. Bc2 Bc1 43. Ba4 Kg6 44. Bd7
Kh5 45. b3 Bd2 46. Kg2 Bc3 47. Bf5 Be1 48. f3 (48. Bc2 {Playing for zugzwang
wins.} Kh6 (48... Bc3 49. f3 $1 {Now Black is unable to get his king to f4
with the bishop on c3. He can only achieve Ke5 with the bishop on e1 when g6
and b4 wins immediately.} Be1 (49... gxf3+ 50. Kxf3 Be1 51. Bb1 $1 {transposes}
) 50. Bb1 $1 {with the bishop not on f5 the Black king lacks a tempo to get to
f4} Bc3 (50... gxf3+ 51. Kxf3 Kh6 52. Kg2 Kg7 53. Kh3 Kf6 54. g4 Ke5 55. g5 Kf4
56. g6 {etc}) 51. Bf5 $1 gxf3+ 52. Kxf3 {now the bishop isn't on e1} Kh6 (52...
Be1 53. Kg2 Kh6 54. Kh3 Kg7 55. g4 Kf6 56. Bc2 {comes to the same thing.}) 53.
Kg4 $1 Be1 (53... Kg7 54. Kh5 {wins easily} Kf6 55. g4 Be1 (55... Ke5 56. Kg6 {
and the h pawn queens}) 56. Bc2 Ke5 57. g5 Kf4 58. g6 $18) 54. Kh3 Kg7 55. g4
Kf6 56. Bb1 Ke5 57. g5 Kf4 58. g6 Bc3 59. b4 $1 {etc as in A2}) 49. Bd3 Kh5 50.
Bf5 {Zugzwang} Bc3 51. f3 gxf3+ 52. Kxf3 Kh6 53. Kg4 Be1 54. Bc2 Kg7 55. Kh3
Kf6 56. g4 Ke5 57. g5 {threatening Kg4} Kf4 58. g6 $1 Bc3 59. b4 cxb4 60. c5 b3
61. Bb1 dxc5 62. d6 $18) (48. f3 gxf3+ 49. Kxf3 $2 {gives Black some chances
since the bishop is loose on f5.} Kh6 50. Kg4 $1 Kg7 51. Bc2 Kf6 52. Kh3 Ke5
53. g4 Kf4 54. g5 Bc3 $16 {Presumably winning but there's still some work to
do.}) 48... gxf3+ 49. Kh3 $1 {should also win if a trifle dramatically.}) 1-0

[Event "EU-chT (Men) 11th"]
[Site "Pula"]
[Date "1997.05.??"]
[Round "4.3"]
[White "Huzman, Alexander"]
[Black "Minasian, Artashes"]
[Result "1-0"]
[WhiteElo "2585"]
[BlackElo "2550"]
[Annotator "Stohl,I"]
[PlyCount "45"]
[EventDate "1997.05.05"]
[EventType "team-swiss"]
[EventRounds "9"]
[EventCountry "CRO"]
[SourceTitle "CBM 057 Extra"]
[Source "ChessBase"]
[SourceDate "1997.05.01"]
[SourceVersion "1"]
[SourceVersionDate "1997.05.01"]
[SourceQuality "1"]
[WhiteTeam "Israel"]
[BlackTeam "Armenia"]
[WhiteTeamCountry "ISR"]
[BlackTeamCountry "ARM"]

1. d4 {Baburin} Nf6 2. Nf3 c5 3. d5 g6 4. Nc3 Bg7 5. e4 O-O $2 {This
transposition was until now thought to be more flexible, than the solid} (5...
d6 {Black, apart from avoiding the} 6. Bb5+ {line, could in some other
variations do without d7-d6 altogether.}) (5... Qa5 $6 6. Nd2 d6 7. Be2 (7.
Bb5+ $142 $5 $36) 7... O-O 8. O-O Bd7 9. a4 Na6 10. Nc4 Qd8 11. Bg5 Nc7 12. f3
b6 13. Qd2 Rb8 14. f4 b5 15. axb5 Nxb5 16. Bd3 Nxc3 17. bxc3 Bb5 18. Bxf6 Bxf6
19. Rxa7 Bxc4 20. Bxc4 Ra8 21. Rxa8 Qxa8 22. Re1 {1/2,Paavilainen,J-Tonoli,W/
BEL-chT/1997/}) ({The more common move} 5... d6 {Baburin is also more prudent.}
) 6. e5 $1 {This was thought to be premature, but is probably the refutation
of Black's 5-th move.} (6. Be2 b5 $5 $13 {is sufficiently unclear.}) ({Also
after} 6. a4 {Black profits from omitting d6-} Na6 $5 7. Be2 Nb4 8. O-O e6 9.
d6 b6 10. Re1 Bb7 11. Bc4 Nc6 12. h3 Ne8 13. Bg5 f6 14. Bh4 Qb8 15. Bg3 Kh8 16.
Qd3 e5 17. Rad1 Nd4 18. Nb5 Nxd6 19. Nfxd4 cxd4 20. Nxd6 Qxd6 21. c3 f5 22.
Qxd4 Qxd4 23. cxd4 exd4 24. exf5 Rxf5 25. Bd3 Rff8 26. Be5 Bc6 $11 {Ftacnik,
L-Ostos,J/Novi Sad olm/1990/}) 6... Ng4 {[%csl Rd5,Re5] @ה Logical, as it
immediately attacks White's exposed center. Black also has a lead in
development. But despite all this White gets a strong attack, using his
central pawns as decoys, while they are still alive.} (6... Ne8 $143 $6 7. h4
$1 d6 8. e6 $1 fxe6 9. h5 exd5 (9... gxh5 $142 $5 10. dxe6 $1 $36) 10. hxg6
hxg6 11. Qxd5+ e6 12. Qd3 Rf5 13. Nh4 Nc6 14. Nxf5 gxf5 15. Bh6 Ne5 16. Qd2 Qf6
17. Bb5 Bd7 18. Bxd7 Nxd7 19. Bxg7 Kxg7 20. O-O-O Ne5 21. Rh3 Nf7 22. Ne2 Kf8
23. Nf4 Rd8 24. Re1 Ng7 25. Rh7 Ng5 26. Rxg7 Qxg7 27. Rxe6 $16 {Yermolinsky,
A-Khmelnitsky,I/USA-ch Modesto/1995/}) 7. Ng5 $1 {This is the point of White's
idea, as Yermolinsky already pointed out in Informant 65.} ({Much weaker is} 7.
Bf4 $6 d6 8. exd6 exd6 9. Be2 Qb6 (9... Na6 10. O-O Nc7 11. a4 a6 12. Ne4 Nf6
13. Nxf6+ Qxf6 14. Qd2 Re8 15. c4 $2 Rxe2 16. Qxe2 Qxf4 17. Qe7 Bg4 $1 18. Qxc7
Bxf3 19. gxf3 Be5 20. Rfe1 Qxh2+ 21. Kf1 Bd4 22. Ke2 Qxf2+ 23. Kd3 Qxf3+ 24.
Kd2 Bxb2 $19 {Pribyl,J-Mascarinas,R/Schellenberg op/1991/}) 10. Rb1 Nd7 11. O-O
Nge5 12. Nd2 f5 13. h3 Qd8 14. Nb5 Nb6 15. Nf3 Nxf3+ 16. Bxf3 Nc4 17. Be2 Ne5
18. b4 a6 19. Na3 Qc7 20. c4 b6 21. Qd2 Bd7 22. Nc2 Rae8 23. Rfe1 Nf7 24. Bf1
h6 25. Rxe8 Rxe8 26. Be3 Ba4 27. Bd3 Ne5 28. Ne1 $11 {Yermolinsky,A-Yudasin,L/
URS-FL Kuibishev/1986/}) 7... Nh6 (7... Nxe5 $6 8. f4 f6 $8 (8... h6 9. Nh3 $18
{[%csl Re5] loses a piece.}) 9. Nxh7 $1 Kxh7 10. fxe5 fxe5 11. Bd3 $40) ({
but another option -} 7... h5 {Baburin was worth considering.}) 8. h4 {The
heat is now on!} f6 (8... Bxe5 $143 9. h5 {White gets a strong initiative. For
example, after} Nf5 $8 {he can already start a sacrificial attack:} (9... Bg7
10. Nxh7 $1 Kxh7 11. hxg6+ fxg6 12. Bxh6 Bxh6 13. Qd2 g5 14. Qxg5 Rf6 15. Bd3+
$18) 10. hxg6 (10. Nxh7 $3 {Baburin} Kxh7 11. hxg6+ Kg7 12. Rh7+ Kg8 13. Qh5
fxg6 14. Qxg6+ Bg7 15. Bh6 Rf7 16. Bd3 $18) 10... hxg6 11. Qg4 Bg7 (11... Ng7
12. Qh4 Nh5 13. g4 $18) 12. Qh3 Re8 13. g4 Nd4 14. Qh7+ Kf8 15. Bd3 $40 {
[%cal Rg5f7] /\Nf7}) 9. Nge4 $146 (9. Nf3 $143 Nf7 10. Bd3 f5 11. Qe2 e6 12.
Bf4 exd5 13. Nxd5 Nc6 14. O-O-O Re8 15. Bc4 Ncxe5 16. Bg5 Nxc4 17. Qxc4 Qa5 18.
Rde1 Re6 19. Bd2 Qa6 20. Qxa6 bxa6 21. Nc7 Rb8 22. Nxe6 Bxb2+ 23. Kd1 dxe6 24.
Ke2 Bf6 25. Rb1 Rb6 26. Be3 Be7 $14 {Vouldis,A-Malakhov,V/EU-chJM U20 Holon/
1995/}) 9... Nf7 (9... fxe5 10. h5 Nf5 11. hxg6 hxg6 12. d6 $40) 10. h5 $1 $40
{White sacrifices his center and consequently pursues his attack.} f5 (10...
Nxe5 11. hxg6 hxg6 12. f4 Nf7 13. Qg4 $16) 11. Ng5 Nxg5 (11... Bxe5 12. Nxh7 $1
Kxh7 (12... Bxc3+ 13. bxc3 Kxh7 14. hxg6+ Kxg6 {are quite wild, but they are
in White's favour - he enjoys a great lead in development and his attack is
irresistable after} 15. Qh5+ Kf6 16. Qh4+ Kg7 (16... Kg6 17. Rh3 $18 {->}) (
16... Ke5 {Baburin} 17. Bf4+ $1 ({but not} 17. Bc4 $2 Kd6 18. Bf4+ {where
Black's monarch finds a safe place on c7 after} Ne5 19. Qg3 Kc7 20. Bxe5+ d6)
17... Kxd5 18. Bb5 $1 e5 19. O-O-O+ Ke6 20. Bc4+ d5 21. Bxd5+ Qxd5 22. Rxd5
Kxd5 23. Qe7 $18) 17. Bh6+ Nxh6 18. Qxh6+ Kf7 19. Qh7+ Kf6 20. Rh6+ Ke5 21.
Qg7+ Rf6 22. Rh8 $18) 13. hxg6+ Kxg6 {leads to a forced checkmate:} 14. Qh5+
Kf6 15. Qh4+ Kg6 16. Qh7+ Kf6 17. Bg5+ $1 Kxg5 18. Rh5+ Kf6 19. Rxf5#) (11...
Nxe5 12. Nxh7 $1 Kxh7 13. hxg6+ Kg8 14. Qh5 Re8 15. Qh7+ Kf8 16. Bh6 $18) 12.
Bxg5 Bxe5 (12... h6 13. hxg6 $1 hxg5 14. Rh8+ $3 Bxh8 15. Qh5 Rf7 $8 16. gxf7+
Kg7 17. Bd3 e6 18. O-O-O {[%cal Rd1h1] /\Rh1+- White's pieces coordinate
amazingly well, while Black's << remains asleep till the end of the game.}) 13.
hxg6 hxg6 14. d6 $1 {[%cal Rd1d5] /\Qd5 White has succeeded in opening up the
h-file and now adds even more fuel to his attack. Black, whose queenside is
completely undeveloped, is in deep trouble here.} Bf6 $8 (14... Bxd6 15. Bc4+
Kg7 16. Bh6+ Kf6 17. Nd5+ $18) 15. Bxf6 Rxf6 ({After} 15... exf6 {Baburin
White would have continued by} 16. Qd2 {and his attack is very strong.}) 16.
Bc4+ e6 (16... Kg7 17. Qd2 $18 {@}) 17. Qd2 Qf8 {[#] Now the attack breaks
through tactically.} ({Slightly better was} 17... Rf7 {although White has more
attractive attacking possibilities:} 18. O-O-O (18. Nd5 $5 $40) (18. Qh6 Qf6
19. O-O-O $40 (19. Nd5 Qe5+ 20. Kf1 Nc6 $1 21. Qxg6+ Qg7 $14)) 18... Qf6 19.
Rh6 $40) 18. Nd5 $1 {Here the main idea of this manoeuvre is to open up the
a2-g8 diagonal.} exd5 (18... Rf7 19. Nc7 $18) 19. Bxd5+ Re6+ (19... Rf7 20. Qg5
Kg7 (20... Qxd6 21. Qd8+ Qf8 22. Bxf7+ Kxf7 23. Rh7+ Kg8 24. Rh8+) (20... Qg7
21. Qd8+ $18) 21. Bxf7 Kxf7 22. Rh7+ Ke6 23. Qe7+ $1 Qxe7 24. dxe7 $18) 20.
Bxe6+ dxe6 21. Qg5 {Black's king is still very weak, while the d-pawn has
become very dangerous; Black cannot bear such pressure here.} Bd7 (21... Nc6
22. Qxg6+ Qg7 23. Qe8+ Qf8 24. Rh8+ $1) (21... Kg7 22. Rh6 Qf7 23. O-O-O $18)
22. O-O-O Be8 (22... Nc6 23. Rh6 Be8 24. d7 Bf7 25. Qh4 $1 Qg7 26. d8=Q+) 23.
Qd8 $1 {Ties Black up completely.} (23. Qd8 Kg7 (23... Qf7 24. d7 Nxd7 25. Qxa8
$18) 24. d7 $1 Bxd7 25. Rh7+ $18) 1-0